000 00784nam a2200241 4500
003 OSt
005 20240729022505.0
006 a
008 240729b |||||||| |||| 00| 0 eng d
020 _a080584631x
040 _aDWCL-Main lib.
_cOC
082 _2Second edition
_aCirc. 333.72 W785p 2004
100 _aWinter, Deborah Du nann
245 _aThe psychology of environmental problems /
250 _aSecond edition
260 _aN.Y. :
_bPsychology Press,
_cc2004.
300 _axviii,
_b287 p. : ill. ;
_c23 cm.
504 _aIncludes bibliographical references & index.
650 _a1. Environmental responsibility.
650 _a2. Environmental psychology.
650 _a3. Environmental psychology-history.
942 _2ddc
_n0
_cBK-CIRC
_eSecond edition
_kCirc.
999 _c2884
_d2884